000 00612nam a2200169Ia 4500
008 090711s9999 xx 000 0 und d
082 _b54160
100 _aगोवंडे श्रीकांत
245 _aश्री अष्टविनायक यात्रा
260 _c1980
300 _a54+9
600 _aगोवंडे श्रीकांत
630 _aश्री अष्टविनायक यात्रा
700 _aगोवंडे श्रीकांत
730 _aश्री अष्टविनायक यात्रा
942 _cBOOK
999 _c285599
_d285599